Bolivia y Perú : (Record no. 5926)

MARC details
000 -CABECERA
campo de control de longitud fija 00882nam a2200217 a 4500
005 - FECHA Y HORA DE LA ÚLTIMA TRANSACCIÓN
campo de control 20240911064128.0
008 - ELEMENTOS DE LONGITUD FIJA--INFORMACIÓN GENERAL
campo de control de longitud fija 991125s1978 mx 000 0 spa u
035 ## - NÚMERO DE CONTROL DEL SISTEMA
Número de control de sistema UPN01000005926
049 ## - COLECCIÓN
Colección CG
050 #4 - SIGNATURA TOPOGRÁFICA DE LA BIBLIOTECA DEL CONGRESO
Número de clasificación HC182
Número de documento/Ítem B64
245 00 - MENCIÓN DE TÍTULO
Título Bolivia y Perú :
Resto del título información y cambio social /
Mención de responsabilidad, etc. Jorge Calvimontes y Calvimontes ... [et al.].
260 ## - PUBLICACIÓN, DISTRIBUCIÓN, ETC.
Lugar de publicación, distribución, etc. México :
Nombre del editor, distribuidor, etc. UNAM, Facultad de Ciencias Políticas y Sociales, Centro de Estudios de la Comunicación,
Fecha de publicación, distribución, etc. 1978.
300 ## - DESCRIPCIÓN FÍSICA
Extensión 78 p.
440 #0 - MENCIÓN DE SERIE/ASIENTO SECUNDARIO--TÍTULO
Título Cuadernos del Centro de Estudios de la Comunicación ;
Designación de volumen o secuencia 3
500 ## - NOTA GENERAL
Nota general "Comunicación y dependencia en América Latina"
651 #4 - ASIENTO SECUNDARIO DE MATERIA - NOMBRE GEOGRAFICO
Nombre geográfico Bolivia
Subdivisión general Política y gobierno
9 (RLIN) 5467
651 #4 - ASIENTO SECUNDARIO DE MATERIA - NOMBRE GEOGRAFICO
Nombre geográfico PERU -
Subdivisión general POLITICA Y GOBIERNO -
Subdivisión de forma DISCURSOS, ENSAYOS, CONFERENCIAS, ETC.
650 #4 - ASIENTO SECUNDARIO DE MATERIA - TERMINO TEMATICO
Término de materia o nombre geográfico como elemento de entrada Medios masivos de comunicación
9 (RLIN) 9547
700 1# - ASIENTO SECUNDARIO--NOMBRE DE PERSONAL
Nombre de persona Cavilmontes y Cavilmontes, Jorge,
Término indicativo de función/relación coaut.
905 ## - TIPO DE MATERIAL
Tipo de material Libro
Holdings
Estado de retiro Estado de pérdida Fuente del sistema de clasificación o colocación Estado dañado No para préstamo Código de colección Localización permanente Ubicación/localización actual Ubicación en estantería Total de préstamos Clasificación Código de barras Fecha visto por última vez Fecha del último préstamo Número de copia Tipo de ítem Koha
    Library of Congress Classification     Colección General Bib. Gregorio Torres Quintero Bib. Gregorio Torres Quintero Planta baja 4 HC182 B64 61765 20/03/2025 13/03/2025 1 Libro